| 000 | 00640nam a2200217Ii 4500 | ||
|---|---|---|---|
| 003 | JO-AjNU | ||
| 008 | 230606s9999||||xx |||||||||||||| ||und|| | ||
| 020 | _a81-7554-431-7/978-81-7554-431-4 | ||
| 040 |
_aJO-AjNU _beng _erda _cJO-AjNU |
||
| 041 | _aeng | ||
| 050 | 1 | 4 | _aHF5549.2009 |
| 100 | 3 |
_aClegg,Brian/Birch,Paul, _eauthor _91250 |
|
| 245 | 0 | 0 | _aCrash in Course Managing People |
| 250 | _a1 ed | ||
| 264 | 3 | 1 | _aNew Delhi: Kogan Page,2009 |
| 300 |
_a259p _bIncludes indexes254-259 p |
||
| 336 |
_atext _btxt _2rdacontent |
||
| 337 |
_aunmediated _bn _2rdamedia |
||
| 338 |
_avolume _bnc _2rdacarrier |
||
| 650 | 4 |
_aManaging People _91251 |
|
| 999 |
_aE659 _c659 _d659 |
||